History Quiz

Random History or Clickable Quiz

Was I Alive in 1800? Quiz Stats

Quiz Updated May 19, 2016

Also try: Was I Alive?
Challenge
Share
Tweet
Embed
Score 0/25 Timer 05:00
0 Plays Today
% Correct
Thomas Jefferson
84.7%
James Madison
80.5%
Andrew Jackson
80.3%
Ludwig van Beethoven
74.5%
George III of the United Kingdom
73.5%
Abigail Adams
73%
Jane Austen
70.1%
Meriwether Lewis
68.8%
Mary Shelley
68.7%
Davy Crockett
68.2%
Sacagawea
67%
Lord Byron
66.9%
Horatio Nelson
64.8%
% Correct
William Wordsworth
61.9%
James Fenimore Cooper
60.5%
Samuel Taylor Coleridge
58%
Immanuel Kant
51.6%
John James Audubon
51%
Walter Scott
50.8%
Toussaint Louverture
50.8%
Alexander Pushkin
44.3%
Francisco Goya
43.2%
Jacques-Louis David
42.7%
J.M.W. Turner
42.4%
Ranjit Singh
28.4%

You're not logged in!

Compare scores with friends on all Sporcle quizzes.
Join for Free
OR
Log In

You Might Also Like...

Show Comments

Extras

Top Quizzes Today


Score Distribution

Your Account Isn't Verified!

In order to create a playlist on Sporcle, you need to verify the email address you used during registration. Go to your Sporcle Settings to finish the process.

Report this User

Report this user for behavior that violates our Community Guidelines.

Details: